| 000 | 00448 a2200133 4500 | ||
|---|---|---|---|
| 001 | ART_9452 | ||
| 005 | 20260410161559.0 | ||
| 008 | 260409a | ||
| 245 | 1 | 0 | _aHablemos de un presupuesto tradicional económico-financiero para la gestión empresaria |
| 100 | 1 | _aGiménez, Carlos Manuel | |
| 700 | 1 | _aMacrini, Domingo | |
| 700 | 1 | _aMiyaji, Ricardo | |
| 773 | 0 |
_tProfesional & Empresaria _g- Año XIII, Nº 156 (sep. 2012) _wREV70 |
|
| 999 |
_c9521 _d9521 |
||